000 00609nam a2200241Ia 4500
008 170203s9999 xx 000 0 und d
020 _a8809042646
050 _aFic
050 _bT531
100 _aBallarin, Gabriella.
245 4 _aThe three Billy-Goats Gruff /
245 _cwritten by Gabriella Ballarin ; illustrated by Maurizia Rubino
260 _aFirenze :
260 _bGiunti,
260 _c2004
300 _a63 pages :
300 _billustrations :
300 _c23 cm.
650 _a Animals -
650 _aFairy tales 
650 _aShort story.
650 _xFiction 
999 _c306480
_d306480